00533pab a2200157 454500008004000000100002100040245017000061260000900231300001400240362000800254650002600262650002100288650001200309700002200321773003200343180718b2009 xxu||||| |||| 00| 0 eng d aChen, Miao-Sheng aNew perspectives on breaking through the current distress for Taiwan's farmers associations - strategic alliances with the tourism industry and agricultural products c2009 ap.331-44. aJan aAgricultural products aTourist industry aFarmers aHuang, Chuan-hsin aIndian Journal of Economics